000
00348nam a2200145Ia 4500
008
231217s9999 xx 000 0 und d
041
_a
English
082
_a
793.73 CAM;1
100
_a
Cameron, Joe comp.,
245
0
_a
IQ puzzles
260
_c
2003
_b
Jaico Publishing House,
_a
Mumbai
300
_a
208
650
_a
IQ,puzzles
942
_c
AA
999
_c
170492
_d
170492